000
00332 a2200157 4500
001
152418
040
_c
Escola São Tomás de Aquino
100
_a
BANDEIRA, Manuel
240
1
0
_a
Estrela da manhã
_l
por
245
1
0
_a
Estrela da manhã
300
_a
92
362
0
_a
2012
440
1
_a
Global
697
_a
Poesia
942
_c
BK
999
_c
152418
_d
152418